000 00324 a2200109 4500
001 ART_45192
005 20260410162040.0
008 260409a
245 1 0 _aReforma de la Ley de Procedimiento Tributario Nacional
100 1 _aMelzi, Flavia Irene
773 0 _tImpuestos
_g- NÂș 20 (ene. 2018)
_wREV45175
999 _c34806
_d34806